000 00663nam a2200205 a 4500
001 000004001
005 20200929150647.0
008 760528s1975 sp b 001 1 spa
020 _a8402041868
040 _aDO-SdBNP
_bspa
_cBNPHU
082 _a840
_bB235d
100 1 _aBarbey d'Aurevilly, J.
_q(Jules),
_d1808-1889.
_911979
240 1 4 _aLes diaboliques.
_lEspañol
245 1 4 _aLas diabólicas /
_cBarbey d'Aurevilly; traductor, Julio C. Acerete.
260 _aBarcelona :
_bBruguera,
_c1975.
300 _a333 p. ;
_c18 cm.
534 _aTítulo original:
_tLes diaboliques.
650 4 _aLiteratura francesa
_91074
700 1 _aAcerete, Julio C.,
_etr.
_911980
999 _c3820
_d3820